El delito de manejar en estado de ebriedad (Registro nro. 161072)
[ vista simple ]
| 000 -LEADER | |
|---|---|
| fixed length control field | 01069nam a22002417a 4500 |
| 008 - FIXED-LENGTH DATA ELEMENTS--GENERAL INFORMATION | |
| fixed length control field | 111013s2010 cl |||||s|||| 00||0 spa d |
| 020 ## - INTERNATIONAL STANDARD BOOK NUMBER | |
| International Standard Book Number | 978-956-10-1911-9 |
| 035 ## - | |
| -- | 5804 |
| 040 ## - CATALOGING SOURCE | |
| Original cataloging agency | vLex |
| 090 ## - | |
| -- | 2652 |
| -- | 2652 |
| 100 1# - MAIN ENTRY--PERSONAL NAME | |
| Personal name | Silva Silva, Hernán |
| 245 13 - TITLE STATEMENT | |
| Title | El delito de manejar en estado de ebriedad |
| Medium | [Recurso electrónico] / |
| Statement of responsibility, etc | Hernán Silva Silva |
| 256 ## - | |
| -- | Servicio en línea. |
| 260 ## - PUBLICATION, DISTRIBUTION, ETC. (IMPRINT) | |
| Place of publication, distribution, etc | [Chile] : |
| Name of publisher, distributor, etc | Editorial jurídica de Chile, |
| Date of publication, distribution, etc | 2010 |
| 300 ## - PHYSICAL DESCRIPTION | |
| Extent | 1 recuros electrónico |
| 506 1# - RESTRICTIONS ON ACCESS NOTE | |
| Terms governing access | Contenido solo disponible en los productos indicados |
| Authorized users | vLex Global |
| -- | vLex Global (Academic Edition, excluding Law Schools) |
| -- | vLex Global (U.S. Academic Edition, Law Schools) |
| -- | vLex Global (U.S. Academic Edition, excluding Law Schools) |
| -- | vLex Global (Academic Edition, Law Schools) |
| 650 04 - SUBJECT ADDED ENTRY--TOPICAL TERM | |
| Topical term or geographic name as entry element | Consumo de alcohol |
| Geographic subdivision | Chile |
| 650 04 - SUBJECT ADDED ENTRY--TOPICAL TERM | |
| Topical term or geographic name as entry element | Circulación |
| General subdivision | Derecho y legislación |
| Geographic subdivision | Chile |
| 740 0# - | |
| -- | vLex Libros (Servicio en línea) |
| 856 40 - LOCALIZACIÓN Y ACCESO ELECTRÓNICO | |
| Identificador Uniforme del Recurso (URI/URL) | https://app.vlex.com/#/sources/delito-manejar-estado-ebriedad-5804 |
| 942 ## - | |
| -- | RAA |
| 999 ## - | |
| -- | 161072 |
| -- | 161072 |
No hay ítems disponibles.